000 00467nam a2200181 4500
003 SEACOMEC
005 20240404134609.0
008 240404b |||||||| |||| 00| 0 eng d
020 _cRs.175.00
040 _aSEACOMEC
082 _a510.02462
_bA793
100 _aArumugam,S.
245 _aEngineering mathematics
_cS,Sugarplum,A.thangarbadi,Isase,A,Somasundaraman
250 _a2nd ed.
260 _aChennai
_bScitech
_c2001
650 _amathematics
942 _cBOOK
999 _c854
_d854